[Event "Bogota Navidad op"]
[Site "Bogota"]
[Date "2016.12.09"]
[Round "4"]
[White "Barrero, Sandra Johana"]
[Black "Cardozo, Stid Jafhar"]
[Result "0-1"]
[WhiteElo "1603"]
[BlackElo "1727"]
[PlyCount "78"]
[EventDate "2016.12.07"]
[EventType "swiss"]
[EventRounds "9"]
[EventCountry "COL"]
[SourceTitle "CBM 176 Extra"]
[Source "ChessBase"]
[SourceDate "2017.03.02"]
[SourceVersion "1"]
[SourceVersionDate "2017.03.02"]
[SourceQuality "1"]

1. e4 c5 2. Nf3 e6 3. Nc3 a6 4. e5 d6 5. d4 cxd4 6. Qxd4 Nc6 7. Qf4 Qc7 8. exd6 Bxd6 9. Qg5 Ne5 10. Nxe5 Bxe5 11. Bd2 Ne7 12. 0-0-0 b5 13. f4 Bf6 14. Qg3 Nf5 15. Qd3 Bb7 16. Ne2 Rd8 17. Qa3 Nd6 18. Ba5 Bxb2+ 19. Qxb2 Qxa5 20. Qxg7 Rf8 21. Nc3 b4 22. Nb1 Qxa2 23. Rg1 b3 24. Qb2 Rc8 25. Nc3 Qxb2+ 26. Kxb2 bxc2 27. Kxc2 Ne4 28. Rd3 Ke7 29. Kb2 Rxc3 30. Rxc3 Nxc3 31. Kxc3 Rc8+ 32. Kb2 Rd8 33. Kc3 Rd1 34. Kc2 Ra1 35. Kd2 a5 36. Ke2 Ba6+ 37. Kf2 Rxf1+ 38. Rxf1 Bxf1 39. Kxf1 a4 0-1